Größte Stadt von jedem Kontinent mit B - Statistiken

Allgemein
  • Dieses Quiz wurde 244 mal gespielt
  • Das Durchschnittsergebnis liegt bei 4 aus 6
Antwortstatistiken
Kontinent Stadt Land % Korrekt
Europa Berlin Deutschland
98%
Südamerika Buenos Aires Argentinien
82%
Nordamerika Boston USA
76%
Ozeanien Brisbane Australien
63%
Asien Bangalore Indien
32%
Afrika Brazzaville Republik Kongo
27%
Keine übereinstimmenden Quizze gefunden
Verteilung der Resultate
Anzahl Personen mit jedem Resultat
Perzentil nach korrekt beantworteten Fragen
Ihre Resultats-Entwicklung
Sie haben dieses Quiz noch nicht gespielt